000 00914nam a2200217Ia 4500
999 _c39314
_d39314
001 5900
003 GE_BSU
005 20190822115741.0
008 181216s1968||||ge |||||||||||||| ||geo||
040 _cGE_BSU
041 _ageo
080 _a821.353.1-311.6 ა-13
100 _aაბაშიძე, გრიგოლ
_91383
245 _aდიდი ღამე :
_bმე-13 საუკუნის ქართული ქრონიკა /
_cგრიგოლ აბაშიძე ; რედ. ლ. ფოფხაძე.
264 _aთბილისი :
_bსაბჭოთა საქართველო ;
_c1968.
300 _a455 გვ.;
_c20 სმ.
653 _aდიდი ღამე
653 _aმე-13 საუკუნის ქართული ქრონიკა
700 _aფოფხაძე, ლ.
_eრედაქტორი
_93739
942 _cBK
_2udc